000 00828cam9a220024100 4500
001 tmp15374582
003 UPRA
005 20190819100813.0
008 950801s1961 nyu eng u
035 _a(Sirsi) r86998
035 _a(UPRA)tmp15374582
040 _cUPRA
100 1 _aWheland, George Willard, 1907-
_dWheland, George Willard, 1907-
_6A46397.1
245 1 0 _aResonance in organic chemistry.
260 _aNew York :
_bWiley,
_c[1961]
500 _aFirst published in 1955.
500 _aA revision and expansion of the author's The theory of resonance and its application to organic chemistry.
650 0 _aMesomerism.
_6S35754.1
650 0 _aChemistry, Physical and theoretical.
_6S517.1
650 0 _aChemistry, Organic.
_6S95.2
949 _aQD471
_wlcc
_i-121145
_mMAIN
_tBOOK
_lON-SHELF
004 86998
999 _c101414
_d101413